African economic outlook

Guardado en:
Detalles Bibliográficos
Formato: Libro
Lenguaje:inglés
Publicado: Paris OECD 2002
Materias:
Etiquetas: Agregar Etiqueta
Sin Etiquetas, Sea el primero en etiquetar este registro!

MARC

LEADER 00000nam a2200000 4500
001 c132521
005 20230719114529.2
020 |a 92-64-19704-4 
041 0 |a eng 
044 |a FR 
245 1 0 |a African economic outlook 
264 1 |a Paris  |b OECD  |c 2002 
300 |a 347 s. 
610 2 0 |a situácia hospodárska 
610 2 0 |a politika hospodárska medzinárodná 
610 2 0 |a porovnanie štatistické medzinárodné 
610 2 0 |a porovnanie medzinárodné 
610 2 0 |a ukazovatele ekonomické 
610 2 0 |a ukazovatele štatistické 
610 2 0 |a Afrika